[Event "GER-ch U12 Girls"]
[Site "Willingen"]
[Date "2019.06.09"]
[Round "2"]
[White "Labuda, Annika"]
[Black "Zhou, Lepu Coco"]
[Result "0-1"]
[WhiteElo "1251"]
[BlackElo "1724"]
[PlyCount "116"]
[EventDate "2019.06.08"]
[EventType "swiss"]
[EventRounds "9"]
[EventCountry "GER"]
[SourceTitle "CBM 191 Extra"]
[Source "ChessBase"]
[SourceDate "2019.09.30"]
[SourceVersion "1"]
[SourceVersionDate "2019.09.30"]
[SourceQuality "1"]

1. e4 e5 2. Nf3 Nc6 3. Nc3 Nf6 4. d4 exd4 5. Nxd4 Bb4 6. Nxc6 bxc6 7. Bd3 d5 8. exd5 cxd5 9. 0-0 0-0 10. h3 Be6 11. Qf3 c6 12. Bf4 Bd6 13. Rad1 Bxf4 14. Qxf4 Qb8 15. Qxb8 Raxb8 16. b3 Nd7 17. Na4 Ne5 18. Nc5 Nxd3 19. Nxe6 fxe6 20. Rxd3 e5 21. Rc3 Rf6 22. Re3 e4 23. f3 Rbf8 24. c3 g6 25. g4 exf3 26. Kf2 c5 27. Rd3 Ra6 28. Ra1 c4 29. Rxd5 cxb3 30. Rb5 bxa2 31. Rb2 Rc6 32. Raxa2 a6 33. Ra3 Rfc8 34. Rbb3 Rf8 35. Rb4 h5 36. Re4 hxg4 37. Rxg4 Re6 38. Ra2 Kg7 39. Rg3 Ref6 40. Ra3 R8f7 41. c4 Kf8 42. Rgxf3 Rxf3+ 43. Rxf3 Rxf3+ 44. Kxf3 Ke7 45. Ke3 Kd6 46. Kd3 Kc5 47. Kc3 a5 48. Kb3 g5 49. Ka4 Kxc4 50. Kxa5 Kd4 51. Kb4 Ke4 52. Kc4 Kf4 53. Kd3 Kg3 54. Ke2 Kxh3 55. Kf2 g4 56. Kg1 Kg3 57. Kh1 Kf2 58. Kh2 g3+ 0-1

[Event "GER-ch U10 Girls"]
[Site "Willingen"]
[Date "2017.06.10"]
[Round "11"]
[White "Labuda, Annika"]
[Black "Englert, Lin"]
[Result "0-1"]
[WhiteElo "1144"]
[BlackElo "1165"]
[PlyCount "62"]
[EventDate "2017.06.04"]
[EventType "swiss"]
[EventRounds "11"]
[EventCountry "GER"]
[SourceTitle "CBM 178 Extra"]
[Source "ChessBase"]
[SourceDate "2017.06.22"]
[SourceVersion "1"]
[SourceVersionDate "2017.06.22"]
[SourceQuality "1"]

1. e4 e5 2. Nf3 Nc6 3. Nc3 a6 4. Bc4 Bc5 5. 0-0 h6 6. d3 d6 7. h3 Nf6 8. Re1 0-0 9. Be3 Bxe3 10. Rxe3 Re8 11. a3 Be6 12. Bxe6 fxe6 13. Re1 Rf8 14. Nd2 Qe8 15. Re3 Qg6 16. Rg3 Qh5 17. Qxh5 Nxh5 18. Re3 Nd4 19. Rc1 Nf4 20. b4 b5 21. Kf1 Rf6 22. f3 Rg6 23. Ree1 Rxg2 24. h4 Rxd2 25. Red1 Rxd1+ 26. Nxd1 Rf8 27. Kf2 Rf6 28. Ne3 Rg6 29. Ng4 h5 30. Ne3 Nh3+ 31. Kf1 Rg1# 0-1

[Event "GER-ch U10 Girls"]
[Site "Willingen"]
[Date "2017.06.08"]
[Round "8"]
[White "Peglau, Charis"]
[Black "Labuda, Annika"]
[Result "1-0"]
[WhiteElo "1381"]
[BlackElo "1144"]
[PlyCount "135"]
[EventDate "2017.06.04"]
[EventType "swiss"]
[EventRounds "11"]
[EventCountry "GER"]
[SourceTitle "CBM 178 Extra"]
[Source "ChessBase"]
[SourceDate "2017.06.22"]
[SourceVersion "1"]
[SourceVersionDate "2017.06.22"]
[SourceQuality "1"]

1. e4 e5 2. Nf3 Nc6 3. Bc4 Nf6 4. Ng5 d5 5. exd5 Na5 6. Bb5+ c6 7. dxc6 bxc6 8. Bd3 h6 9. Ne4 Bf5 10. Nxf6+ Qxf6 11. Bxf5 Qxf5 12. 0-0 Bd6 13. d3 0-0 14. Nc3 Rfe8 15. Ne4 Bf8 16. Bd2 Nb7 17. Qe2 Re6 18. Rae1 Rg6 19. Ng3 Qe6 20. Qxe5 Qxa2 21. Ra1 Qe6 22. Qxe6 Rxe6 23. Rfe1 Rf6 24. Bc3 Rf4 25. Re4 Rxe4 26. Nxe4 Nc5 27. Nxc5 Bxc5 28. Ra6 Bb6 29. d4 Re8 30. Kf1 f5 31. b3 Kf7 32. Bb2 c5 33. d5 Re7 34. c4 g5 35. Bc1 Kf6 36. Ba3 Rc7 37. Ke2 Ke5 38. Ke3 f4+ 39. Kd3 h5 40. Bb2+ Kf5 41. f3 g4 42. fxg4+ Kxg4 43. Ke4 Re7+ 44. Be5 h4 45. d6 Re8 46. Ra1 Bd8 47. Kd5 Bb6 48. Rf1 Rf8 49. Ke4 Re8 50. Rxf4+ Kg5 51. Rf5+ Kg6 52. Kf4 Bd8 53. Kg4 a5 54. Bf4 Re4 55. Rxc5 Bb6 56. Re5 Rd4 57. Rd5 Re4 58. c5 Bd8 59. c6 Re6 60. c7 Bxc7 61. dxc7 Rc6 62. Rd6+ Rxd6 63. Bxd6 Kf6 64. c8Q h3 65. Qf5+ Kg7 66. Kg5 hxg2 67. Qg6+ Kh8 68. Be5# 1-0

[Event "GER-ch U10 Girls"]
[Site "Willingen"]
[Date "2017.06.04"]
[Round "2"]
[White "Labuda, Annika"]
[Black "Winkler, Sarah"]
[Result "0-1"]
[WhiteElo "1144"]
[BlackElo "1251"]
[PlyCount "64"]
[EventDate "2017.06.04"]
[EventType "swiss"]
[EventRounds "11"]
[EventCountry "GER"]
[SourceTitle "CBM 178 Extra"]
[Source "ChessBase"]
[SourceDate "2017.06.22"]
[SourceVersion "1"]
[SourceVersionDate "2017.06.22"]
[SourceQuality "1"]

1. e4 e5 2. Nf3 Nc6 3. Nc3 Nf6 4. Bb5 Bb4 5. 0-0 0-0 6. d3 d6 7. Bg5 h6 8. Bh4 Bg4 9. Nd5 Bxf3 10. Qxf3 Nd4 11. Qd1 Nxb5 12. Nxb4 c6 13. c4 Nd4 14. Qe1 a5 15. Nxc6 bxc6 16. Rc1 Qe7 17. f4 exf4 18. Rxf4 g5 19. Rf2 gxh4 20. Qe3 Qe5 21. Qxh6 Ng4 22. Qxh4 Nxf2 23. Qxf2 c5 24. Rf1 Ra7 25. b3 Kg7 26. Qh4 Rh8 27. Qg4+ Kf8 28. Qc8+ Ke7 29. Qg4 Qxh2+ 30. Kf2 Qh4+ 31. Qg3 Qf6+ 32. Kg1 Ne2# 0-1